UK Number 1 Singles - 1970 - Statistics

General Stats
  • This quiz has been taken 63 times
  • The average score is 8 of 14
Answer Stats
Hint Answer % Correct
Bridge Over Troubled Water Simon And Garfunkel
100%
Tears Of A Clown Smokey Robinson
90%
In The Summertime Mungo Jerry
88%
Spirit In The Sky Norman Greenbaum
83%
Voodoo Chile Jimi Hendrix
71%
The Wonder Of You Elvis Presley
60%
Band Of Gold Freda Payne
60%
Wandrin' Star Lee Marvin
60%
All Kinds Of Everything Dana
52%
I Hear You Knocking Dave Edmunds
48%
Yellow River Christie
45%
Back Home England World Cup Squad
33%
Love Grows (Where My Rosemary Goes) Edison LIghthouse
26%
Woodstock Matthews Southern Comfort
19%
No matching quizzes found
Score Distribution
Percent of People with Each Score
Percentile by Number Answered
Your Score History
You have not taken this quiz